| Virtuální polytechnická knihovna - Souborný katalog - Úplný záznam dokumentu - MARC |
Uživatel: --- |
-----nas 22-----zu 4500
001 SKVPK0031868
003 CZ-VPK
005 20260422133853.0
008 260422d19451954||||| | ||| || |||||||
022 $a1149-3704
040 $aABA013$bcze
222 0$aOeuvres et maitres d'oeuvre, Gros-oeuvre : construction-equipement
245 00$aOeuvres et maitres d'oeuvre, Gros-oeuvre : construction-equipement
260 $aFrance :$bParis : [s.n.],,$c1945-1954
650 07$astrojírenství$xsr$2psh
650 07$astavebnictví$xst$2psh
650 07$aarchitektura a urbanismus$xau$2psh
785 00$tUsines d'aujourd'hui,$x0042-1278
910 $aABA013$bII 120842 Sklad$r1950-1951
| čtvrtek 14.05.2026 02:29:37 |
© 2001-2015 Národní technická knihovna |
[Virtuální polytechnická knihovna]
[Servisní centrum]
[Souborný katalog]